| 000 | 01219njm a22002897a 4500 | ||
|---|---|---|---|
| 005 | 20100901115333.0 | ||
| 006 | a|||||r|||||00| 0 | ||
| 007 | sd ammalaaahaa | ||
| 008 | 100901t xxu||||| |||| 00| 0 eng d | ||
| 028 |
_a7EPE 7165 _bHis Master's Voice |
||
| 035 | _aGR-03011 | ||
| 040 |
_aSED _cSED |
||
| 100 |
_aMohd Rafi _917891 |
||
| 245 |
_aDosti / _cby Mohd Rafi ; music by laxmikant pyarelal ; lyrices by Majrooh sultanpuri _h[Sound recording] |
||
| 246 | _aदोस्ती/ मोहम्मद रफ़ी द्वारा | ||
| 260 |
_aDUM DUM, India _bHis Master's Voice _c1975 |
||
| 300 |
_a1 Sound disc [Gramophone Recording] : _banalog, 33 1/3 rpm _c7 in. (SP) _fGramophone Record |
||
| 500 | _aBrief record | ||
| 500 | _aRecord Labels : His Master's Voice,Red | ||
| 505 | _aSide-1 चाहुगा में तुझे (Chahuga me tujhe) --Side-2 जाने वालो जरा (Jaane walo jara) (Mohd Rafi) | ||
| 600 | _2Mangeshkar, Lata | ||
| 650 |
_aFilm songs _xExcerpts _zIndia _917892 |
||
| 700 |
_920136 _aPyarelal, Laxmikant |
||
| 700 |
_aMajrooh sultanpuri _920147 |
||
| 942 |
_2ddc _cGR |
||
| 999 |
_c46319 _d46319 |
||